|
|
|
|
| LEADER |
01655cas a2200253 a 4500 |
| 001 |
AALejournalIMF006346 |
| 008 |
230101c9999 xx r poo 0 0eng d |
| 020 |
|
|
|c 5.00 USD
|
| 020 |
|
|
|z 9781451982114
|
| 022 |
|
|
|a 1018-5941
|
| 040 |
|
|
|a BD-DhAAL
|c BD-DhAAL
|
| 100 |
1 |
|
|a Schiffbauer, Marc.
|
| 245 |
1 |
0 |
|a Competition and Firm Productivity :
|b Evidence from Firm-Level Data /
|c Marc Schiffbauer, Sandra Ospina.
|
| 264 |
|
1 |
|a Washington, D.C. :
|b International Monetary Fund,
|c 2010.
|
| 300 |
|
|
|a 1 online resource (34 pages)
|
| 490 |
1 |
|
|a IMF Working Papers
|
| 500 |
|
|
|a <strong>Off-Campus Access:</strong> No User ID or Password Required
|
| 500 |
|
|
|a <strong>On-Campus Access:</strong> No User ID or Password Required
|
| 506 |
|
|
|a Electronic access restricted to authorized BRAC University faculty, staff and students
|
| 520 |
3 |
|
|a This paper presents empirical evidence on the impact of competition on firm productivity. Using firm-level observations from the World Bank Enterprise Survey database, we find a positive and robust causal relationship between our proxies for competition and our measures of productivity. We also find that countries that implemented product-market reforms had a more pronounced increase in competition, and correspondingly, in productivity: the contribution to productivity growth due to competition spurred by product-market reforms is around 12-15 percent.
|
| 538 |
|
|
|a Mode of access: Internet
|
| 700 |
1 |
|
|a Ospina, Sandra.
|
| 830 |
|
0 |
|a IMF Working Papers; Working Paper ;
|v No. 2010/067
|
| 856 |
4 |
0 |
|z Full text available on IMF
|u http://elibrary.imf.org/view/journals/001/2010/067/001.2010.issue-067-en.xml
|z IMF e-Library
|